| 000 | 00853nam a22002417a 4500 | ||
|---|---|---|---|
| 003 | BJBSDDR | ||
| 005 | 20260428115805.0 | ||
| 007 | ta | ||
| 008 | 260428s1986 nyu||||| |||| 00| 0 eng d | ||
| 020 | _a9780810910843 | ||
| 020 | _a 0810910845 | ||
| 040 |
_bspa _cBJBSDDR |
||
| 041 | _aeng | ||
| 050 | _bH497 1986 | ||
| 100 | 1 |
_aHenderson, Mary _948164 |
|
| 245 | 1 | 0 |
_aTheater in America : _b200 years of plays, players and productions / _cMary Henderson, Joseph Papp |
| 260 |
_aNew York : _bHarry N. Abrams, _c1986 |
||
| 300 |
_a327 pages : _billustrations ; _c31 cm |
||
| 520 | _aA comprehensive study recreates the history of the American stage, includes a review of trends and fashions, and shows a complete production schedule, from playwright to casting call | ||
| 700 | 1 |
_aPapp, Joseph _948165 |
|
| 942 |
_2lcc _n0 _cBK |
||
| 946 | _icmc | ||
| 999 |
_c126937 _d126937 |
||